Loading...
| History - American | 0 | 6 | 0 | 1 | 60 | 43 | 66.83 | 0 | 2 | 0.00 | 0.00 |
| History - World | 0 | 5 | 1 | 1 | 45 | 16 | 46.00 | 2 | 4 | 0.00 | 0.00 |
| Science - Other | 0 | 3 | 0 | 0 | 30 | 75 | 89.00 | 0 | 1 | 0.00 | 0.00 |
| Geography | 0 | 3 | 0 | 1 | 30 | 23 | 44.67 | 1 | 3 | 0.00 | 0.00 |
| Science - Physics | 0 | 2 | 0 | 1 | 20 | 58 | 64.50 | 0 | 1 | 0.00 | 0.00 |
| Mythology | 0 | 2 | 0 | 0 | 20 | 18 | 44.50 | 2 | 2 | 0.00 | 0.00 |
| History - European | 0 | 2 | 0 | 1 | 20 | 37 | 49.00 | 0 | 2 | 0.00 | 0.00 |
| Religion | 0 | 2 | 1 | 0 | 15 | 16 | 46.00 | 1 | 1 | 0.00 | 0.00 |
| Social Science | 0 | 1 | 0 | 0 | 10 | 58 | 58.00 | 0 | 0 | 0.00 | 0.00 |
| Fine Arts - Other | 0 | 1 | 0 | 0 | 10 | 79 | 79.00 | 0 | 0 | 0.00 | 0.00 |
| Fine Arts - Painting and Sculpture | 0 | 1 | 0 | 0 | 10 | 99 | 99.00 | 0 | 0 | 0.00 | 0.00 |
| Literature - American | 0 | 1 | 0 | 0 | 10 | 60 | 60.00 | 0 | 0 | 0.00 | 0.00 |
| Literature - British | 0 | 1 | 0 | 0 | 10 | 58 | 58.00 | 0 | 1 | 0.00 | 0.00 |
| Literature - European | 0 | 1 | 0 | 0 | 10 | 70 | 70.00 | 0 | 0 | 0.00 | 0.00 |
| Popular Culture | 0 | 1 | 0 | 0 | 10 | 106 | 106.00 | 0 | 1 | 0.00 | 0.00 |
| Literature - World | 0 | 1 | 1 | 0 | 5 | 84 | 84.00 | 0 | 0 | 0.00 | 0.00 |
| Current Events | 0 | 1 | 1 | 0 | 5 | 22 | 22.00 | 1 | 1 | 0.00 | 0.00 |